[Event "LJEM M-V 2025 u25"]
[Site "Malchow"]
[Date "2025.02.04"]
[Round "5.4"]
[White "Hempel, Christian"]
[Black "Peters, Franz"]
[Result "1-0"]
[WhiteElo "1457"]
[BlackElo "885"]
[Time "08:30:00"]
[WhiteTeam "SV Grün-Weiß 90 Anklam"]
[BlackTeam "SG Eintracht Neubrandenburg"]

1.d4 d5 2.c4 e6 3.Nc3 Nf6 4.Bg5 c5 5.e3 h6 6.Bh4 Nc6 7.Nf3 Be7 8.Bd3 b6 9.
O-O Ba6 10.b3 O-O 11.Re1 Rc8 12.cxd5 Bxd3 13.Qxd3 exd5 14.a3 c4 15.bxc4 
dxc4 16.Qe2 Re8 17.Bxf6 Bxf6 18.Qd2 a6 19.Rab1 Rb8 20.a4 Na7 21.Na2 b5 22.
axb5 axb5 23.Nb4 Be7 24.Ne5 Qc8 25.Ra1 Rb7 26.Ra2 Bxb4 27.Qxb4 f6 28.Ng6 
Nc6 29.Qc5 Ne7 30.Nxe7+ Rbxe7 31.Qxb5 Rb7 32.Qd5+ Kh8 33.Qc5 Kh7 34.Qxc8 
Rxc8 35.Rc1 Rd8 36.Rac2 Rc8 37.g3 Rb4 38.d5 Kg6 39.d6 Rd8 40.Rxc4 Rxc4 41.
Rxc4 Rxd6 42.Kg2 Kf7 43.f4 g5 44.fxg5 hxg5 45.Rc7+ Kg6 46.h3 Re6 47.Kf3 
Kf5 48.Rc5+ Re5 49.e4+ Kg6 50.Rxe5 fxe5 51.Kg4 Kf6 52.Kh5 Ke6 53.Kxg5 Kd6 
54.h4 Kc5 55.h5 Kd4 56.Kf5 Kd3 57.h6 Ke3 58.h7 Kd3 59.h8=Q Ke3 60.Qxe5 Ke2
61.Kf4 Kf2 62.Qd4+ Kg2 63.g4 Kf1 64.Kf3 Ke1 65.Qf2+ Kd1 66.Ke3 1-0

[Event "LJEM M-V 2025 u25"]
[Site "Malchow"]
[Date "2025.02.04"]
[Round "5.5"]
[White "Koldrack, Konrad"]
[Black "Waligora, Frieda"]
[Result "1-0"]
[WhiteElo "781"]
[BlackElo "905"]
[Time "08:30:00"]
[WhiteTeam "Think Rochade - SC HRO"]
[BlackTeam "SSC Rostock 07"]

1.e4 e5 2.Nf3 Nc6 3.Bc4 Bc5 4.d3 Nf6 5.Bg5 O-O 6.Nc3 d6 7.Nd5 Be6 8.Nxf6+ 
gxf6 9.Bh6 Re8 10.Bxe6 fxe6 11.Nh4 f5 12.Nxf5 exf5 13.exf5 Qh4 14.O-O Qxh6
15.Rb1 Rf8 16.c3 a5 17.a3 Rxf5 18.Qg4+ Qg6 19.Qc4+ Rf7 20.b4 axb4 21.cxb4 
Bd4 22.Rb3 Bc5 23.bxc5 Na5 24.Qa4 Nxb3 25.Qxa8+ Rf8 26.Qxb7 Nxc5 27.Qxc7 
Nxd3 28.Qc4+ Rf7 29.a4 Kf8 30.a5 Rg7 31.g3 Nf4 32.Qb4 Nh3+ 33.Kg2 Qd3 34.
Qb6 Rg6 35.a6 Qe4+ 36.f3 Qe2+ 37.Rf2 Qxf2+ 38.Qxf2 Nxf2 39.a7 d5 40.a8=Q+ 
Kf7 41.Qxd5+ Kf6 42.Qd2 Ng4 43.fxg4 Rxg4 44.Qd7 Rd4 45.Qxh7 e4 46.Qh4+ Ke5
47.Qf4+ Kd5 48.h4 Rc4 49.Qf7+ Kd4 50.h5 Rc2+ 51.Kh3 e3 52.Qf4+ Kd3 53.Qf5+
Kd2 54.Qd5+ Kc1 55.Qg5 Kd2 56.h6 Rc7 57.Qa5+ Rc3 58.h7 e2 59.h8=Q e1=Q 60.
Qhxc3+ Ke2 1-0

[Event "LJEM M-V 2025 u25"]
[Site "Malchow"]
[Date "2025.02.04"]
[Round "6.2"]
[White "Steinhauser, Oskar"]
[Black "Koldrack, Konrad"]
[Result "1-0"]
[WhiteElo "1559"]
[BlackElo "781"]
[Time "14:30:00"]
[WhiteTeam "SSC Rostock 07"]
[BlackTeam "Think Rochade - SC HRO"]

1.e4 e5 2.Nf3 Nc6 3.Bc4 Nf6 4.Ng5 d5 5.exd5 h6 6.Nxf7 Qd7 7.dxc6 Qxc6 8.
Nxh8 Qxc4 9.d3 Qc5 10.Nc3 Ng4 11.O-O Bd6 12.Qf3 Be6 13.Be3 Qb4 14.Rab1 
O-O-O 15.Nf7 Rf8 16.Nxd6+ Qxd6 17.Qg3 b6 18.f4 g5 19.fxe5 Qe7 20.Rxf8+ 
Qxf8 21.Rf1 Qb4 22.Nd1 Bxa2 23.b3 Nxe3 24.Qxe3 Kb7 25.e6 Qe7 26.Rf7 Qc5 
27.Qxc5 bxc5 28.e7 1-0

[Event "LJEM M-V 2025 u25"]
[Site "Malchow"]
[Date "2025.02.04"]
[Round "6.4"]
[White "Stier, Edgar"]
[Black "Asmussen, Henry"]
[Result "1/2-1/2"]
[WhiteElo "1016"]
[BlackElo "1515"]
[Time "14:30:00"]
[WhiteTeam "ESV Waren"]
[BlackTeam "HSG Stralsund"]

1.d4 d5 2.Nc3 Nf6 3.Bf4 Bf5 4.Nb5 Na6 5.e3 c6 6.Nc3 Nc7 7.Nf3 e6 8.h3 Bd6 
9.Bxd6 Qxd6 10.a3 h6 11.Be2 O-O 12.O-O Rfe8 13.Bd3 Rac8 14.Bxf5 exf5 15.
Qd3 Ne4 16.Nd2 Re6 17.Ndxe4 fxe4 18.Qe2 g6 19.b4 a6 20.Qg4 f5 21.Qe2 
1/2-1/2

[Event "LJEM M-V 2025 u25"]
[Site "Malchow"]
[Date "2025.02.05"]
[Round "7.1"]
[White "Rößler, Hans Jürgen"]
[Black "Hempel, Christian"]
[Result "1-0"]
[WhiteElo "1595"]
[BlackElo "1457"]
[Time "08:30:00"]
[WhiteTeam "SG Güstrow/Teterow"]
[BlackTeam "SV Grün-Weiß 90 Anklam"]

1.Nf3 e6 2.c4 d5 3.cxd5 exd5 4.d4 Nf6 5.Nc3 Nc6 6.Bg5 Bb4 7.a3 Bxc3+ 8.
bxc3 O-O 9.e3 Bg4 10.Be2 Qd6 11.O-O Rfe8 12.Qb3 Ne4 13.Bf4 Qd7 14.Rfc1 
Bxf3 15.Bxf3 Nd2 16.Qxd5 Qxd5 17.Bxd5 Ne7 18.Ba2 c6 19.Rc2 Ne4 20.Rb1 b5 
21.c4 Rac8 22.Rbc1 Rcd8 23.f3 Nf6 24.Bg5 Ng6 25.Bxf6 gxf6 26.Kf2 Rb8 27.
cxb5 cxb5 28.Rc7 Rf8 29.Rxa7 Rbc8 30.Bxf7+ Kh8 31.Rcc7 Rxc7 32.Rxc7 1-0

[Event "LJEM M-V 2025 u25"]
[Site "Malchow"]
[Date "2025.02.05"]
[Round "7.4"]
[White "Aslanli, Ayna"]
[Black "Stier, Edgar"]
[Result "0-1"]
[WhiteElo "693"]
[BlackElo "1016"]
[Time "08:30:00"]
[WhiteTeam "SF Schwerin"]
[BlackTeam "ESV Waren"]

1.e4 e5 2.Nf3 Nc6 3.Bc4 Bc5 4.Nc3 d6 5.d3 Nge7 6.Bg5 f6 7.Bd2 Ng6 8.Nd5 
Nce7 9.O-O Nxd5 10.Bxd5 c6 11.Bb3 Qe7 12.h3 Be6 13.Bxe6 Qxe6 14.Nh2 O-O 
15.Qh5 f5 16.Bg5 Nf4 17.Qh4 fxe4 18.dxe4 Qc4 19.c3 Qxe4 20.Rae1 Ne2+ 21.
Kh1 Qxh4 22.Bxh4 Nf4 23.b4 Bb6 24.Be7 Rfe8 25.Bxd6 Nd3 26.Re4 Nxf2+ 27.Kg1
Nxe4+ 28.Kh1 Nxd6 29.Rd1 Ne4 30.Rd3 Nf2+ 31.Kg1 Nxd3+ 32.Kh1 Nf2+ 33.Kg1 
Nd1+ 34.Kh1 Nxc3 35.Nf1 Rad8 36.Kh2 Bf2 37.g3 Rf8 38.a3 Rd1 39.Kg2 Bd4 40.
Kh1 Rdxf1+ 41.Kg2 R8f2# 0-1

[Event "LJEM M-V 2025 u25"]
[Site "Malchow"]
[Date "2025.02.05"]
[Round "7.5"]
[White "Asmussen, Henry"]
[Black "Waligora, Frieda"]
[Result "0-1"]
[WhiteElo "1515"]
[BlackElo "905"]
[Time "08:30:00"]
[WhiteTeam "HSG Stralsund"]
[BlackTeam "SSC Rostock 07"]

1.d4 d5 2.c4 e6 3.Nc3 c5 4.dxc5 Bxc5 5.cxd5 exd5 6.Nxd5 Nf6 7.Nxf6+ Qxf6 
8.Nf3 Bf5 9.e3 O-O 10.Bc4 Rd8 11.Qb3 b6 12.O-O Nc6 13.Re1 Be4 14.Be2 Qg6 
15.Nh4 Qf6 16.g3 g5 17.Ng2 Ne5 18.Kf1 Nf3 19.Qc3 Qxc3 20.bxc3 Nxe1 21.Nxe1
Rd6 22.Nf3 Bxf3 23.Bxf3 Rad8 24.Ke1 b5 25.e4 Rd3 26.Be2 Rxc3 27.Bxb5 Rc2 
28.Bxg5 Rb8 29.Bd3 Rxf2 30.h4 Rbb2 31.Bc4 Rh2 32.Rd1 Bf2+ 33.Kf1 Bc5 34.
Bxf7+ Kg7 35.Rd2 Rb1+ 36.Rd1 Rxd1# 0-1